000 00378nam a2200145 i 4500
001 bgj
245 0 0 _aGreatest short stories :
_bForeign.
_nVol. 5.
260 _aNew York :
_bP.F. Collier and Son Corporation,
_cc. 1953.
300 _a384 pp ;
_c21 cm.
650 9 _aShort stories
040 _cBPK
041 0 _aeng
942 _cKS
008 s uk f |000 0 eng
999 _c47430
_d47430
856 _uhttp://koha.tu.koszalin.pl/cgi-bin/koha/opac-detail.pl?biblionumber=47430
_yKatalog online BPK